00217nam a2200085Ia 4500008004100000100000900041245005800050260001400108260000900122170617s9999 xx 000 0 und d aCupp 0aToxicology 7 Clinical Pharmacology of Herbal Products bC B S Pub c2007